El crisol del cristianismo (Record no. 88861)

MARC details
000 -LEADER
campo de control de longitud fija 00916nam a2200277 i 4500
001 - NÚMERO DE CONTROL
campo de control 88861
003 - IDENTIFICADOR DE NÚMERO DE CONTROL
campo de control ES-MaACL
005 - FECHA Y HORA DE LA ÚLTIMA TRANSACCIÓN
campo de control 20230906175944.0
007 - CAMPO FIJO DE DESCRIPCIÓN FÍSICA--INFORMACIÓN GENERAL
campo de control de longitud fija t|
008 - DATOS DE LONGITUD FIJA--INFORMACIÓN GENERAL
campo de control de longitud fija 041227s1993 sp |||| | spa d
020 ## - NÚMERO INTERNACIONAL ESTÁNDAR DEL LIBRO
Número Internacional Estándar del Libro 84-335-0804-0
080 ## - NÚMERO DE LA CLASIFICACIÓN DECIMAL UNIVERSAL
Número de la Clasificación Decimal Universal 296
080 ## - NÚMERO DE LA CLASIFICACIÓN DECIMAL UNIVERSAL
Número de la Clasificación Decimal Universal 272"003/0787"
080 ## - NÚMERO DE LA CLASIFICACIÓN DECIMAL UNIVERSAL
Número de la Clasificación Decimal Universal 938
245 03 - MENCIÓN DEL TÍTULO
Título El crisol del cristianismo
Resto del título : advenimiento de una nueva era /
Mención de responsabilidad, etc. dirigida por Arnold Toynbee ; textos originales de Abraham Schalit ... [et al.].
260 ## - PUBLICACIÓN, DISTRIBUCIÓN, ETC.
Lugar de publicación, distribución, etc. Barcelona :
Nombre del editor, distribuidor, etc. Labor,
Fecha de publicación, distribución, etc. [1993]
300 ## - DESCRIPCIÓN FÍSICA
Extensión 367 p. :
Otras características físicas il. ;
Dimensiones 35 cm.
490 1# - MENCIÓN DE SERIE
Mención de serie Historia de las civilizaciones
650 ## - PUNTO DE ACCESO ADICIONAL DE MATERIA--TÉRMINO DE MATERIA
Término de materia o nombre geográfico como elemento de entrada Cristianismo-
Subdivisión general Historia-
Subdivisión cronológica S.I-VI.
9 (RLIN) 163038
650 #4 - PUNTO DE ACCESO ADICIONAL DE MATERIA--TÉRMINO DE MATERIA
Término de materia o nombre geográfico como elemento de entrada Judaísmo-
Subdivisión general Historia-
Subdivisión cronológica Hasta 70 d.C.
9 (RLIN) 13969
700 1# - ENTRADA AGREGADA--NOMBRE PERSONAL
Nombre de persona Toynbee, Arnold Joseph.
9 (RLIN) 111194
700 1# - ENTRADA AGREGADA--NOMBRE PERSONAL
Nombre de persona Schalit, Abraham.
9 (RLIN) 104214
830 0# - PUNTO DE ACCESO ADICIONAL DE SERIE-TÍTULO UNIFORME
Título uniforme Historia de las civilizaciones
9 (RLIN) 184084
852 ## - LOCALIZACIÓN
Ubicación ES-MaACL
Número de control de estantería E-10713
Holdings
Estatus retirado Estado de pérdida Estado de daño No para préstamo Biblioteca de origen Biblioteca actual Ubicación en estantería Fecha de adquisición Fuente de adquisición Total de préstamos Signatura topográfica completa Código de barras Visto por última vez Precio de reemplazo Tipo de ítem Koha
        Biblioteca del Ateneo de Madrid Biblioteca del Ateneo de Madrid Depósito 2 17/01/2008     E-10713 1092812 23/02/2023 23/02/2023 Libro impreso